| 000 | 00715nam a22002172 4500 | ||
|---|---|---|---|
| 001 | 0000023749 | ||
| 005 | 20151217161203.0 | ||
| 008 | 130321s xx 000 0 eng d | ||
| 020 | _a0830824510 : | ||
| 040 |
_aKABU _cKABU |
||
| 245 | 1 | 0 |
_aNew dictionary of christian apologetics / _ceditors: Campbell Campbell-Jack, Gavin J. McGrath. |
| 250 | _a1st ed. | ||
| 260 |
_aDowners Grove, IL : _bInterVarsity Press, _c2006. |
||
| 300 | _axx, 779 p. | ||
| 650 | 0 |
_aApologetics _vDictionaries. _@0000183443 |
|
| 700 | 1 |
_aCampbell-Jack, Campbell. _@0000183444 |
|
| 700 | 1 |
_aMcGrath, Gavin J. _@0000183445 |
|
| 852 | 1 | _9p2500 KES | |
| 908 | _a130321 | ||
| 950 | _@1 | ||
| 999 |
_c15295 _d15295 |
||